000 00632nam a22002177a 4500
005 20131217111221.0
010 _aENG-108807
020 _a9781259062582
_c375.00
020 _a1259062589
_c375.00
035 _aEN-92340
037 _bDBAD/PUB
082 _a519.4
100 _aDey, Sukhendu
245 _aNumerical methods /
_cby Sukhendu Dey [and] Shishir Gupta
260 _aNew Delhi
_bMcGraw Hill Education
_c2013
270 _aP-24 Green Park Extension
_bNew Delhi
_e110016
300 _axvii,570p.
_c23cm(pbk)
500 _aIncludes index
700 _aGupta, Shishir
942 _2ddc
_cEN
_mDEY
_h519.4
999 _c81175
_d81175